La Iglesia hispanoamericana en el siglo XX: 1890-1990

Gespeichert in:
Bibliographische Detailangaben
1. Verfasser: Cárdenas, Eduardo (VerfasserIn)
Format: Buch
Sprache:Spanisch
Veröffentlicht: Madrid MAPFRE 1992
Schriftenreihe:Colección Iglesia Católica en el Nuevo Mundo, 6
Schlagworte:
Tags: Tag hinzufügen
Keine Tags, Fügen Sie den ersten Tag hinzu!

MARC

LEADER 00000nam a2200000 a 4500
001 UCX7031
003 CL-VaPUC
008 930913e19920000SP |||||||||||||||||spa|d
082 0 4 |a 282.8  |b CAR  |2 21 
100 0 |a Cárdenas, Eduardo  |e author  |9 323768 
245 1 3 |a La Iglesia hispanoamericana en el siglo XX: 1890-1990 
300 |a 305 p 
942 |c BK 
945 |d 19930913 00:00:00 
260 |a Madrid  |b MAPFRE  |c 1992 
600 0 |a Iglesia católica  |9 255129 
650 0 |a Iglesia y Estado  |9 254995 
650 0 |a Historia siglo 20  |9 255736 
651 0 |a América Latina   |9 255027 
583 |a last modification  |c 19930913 00:00:00  |k Rodrigo Vera 
490 0 |a Colección Iglesia Católica en el Nuevo Mundo, 6 
999 |c 226951  |d 226949 
952 |0 0  |1 0  |4 0  |6 282_800000000000000_CAR_1992  |7 0  |8 A  |9 225664  |a BIBHIS  |b BIBHIS  |d 2019-11-15  |i 2943034  |o 282.8 CAR 1992  |p 2943034  |r 2025-01-20  |w 2019-11-15  |y BK  |k HIS